[Event "San Francisco Grey Memorial"]
[Site "San Francisco"]
[Date "2017.08.15"]
[Round "2"]
[White "Bayaraa, Timothy"]
[Black "Robertson, Terrance"]
[Result "1-0"]
[WhiteElo "1076"]
[BlackElo "1433"]
[PlyCount "57"]
[EventDate "2017.08.08"]
[EventType "swiss"]
[EventRounds "9"]
[EventCountry "USA"]
[SourceTitle "EXT 2023"]
[Source "ChessBase"]
[SourceDate "2022.10.05"]
[SourceVersion "1"]
[SourceVersionDate "2022.10.05"]
[SourceQuality "1"]

1. e4 e5 2. Nf3 Nf6 3. Nc3 Nc6 4. d4 exd4 5. Nxd4 Bc5 6. Nf5 0-0 7. Bg5 d6 8. Nd5 Ne5 9. f4 Ng6 10. Qf3 c6 11. Nxf6+ gxf6 12. Bh6 Re8 13. 0-0-0 d5 14. h4 Rxe4 15. Bd3 Bxf5 16. Bxe4 Bxe4 17. Qg3 f5 18. h5 Qf6 19. Bg5 Qg7 20. hxg6 fxg6 21. Qh3 h5 22. Qh4 Bxg2 23. Bf6 Be3+ 24. Kb1 Qh6 25. Bg5 Qf8 26. Rhe1 Re8 27. Rd3 Qc5 28. Qg3 d4 29. Qxg2 1-0

[Event "San Francisco TNM Spring op"]
[Site "San Francisco"]
[Date "2017.04.18"]
[Round "6"]
[White "Garfield, Nicholas"]
[Black "Bayaraa, Timothy"]
[Result "1-0"]
[WhiteElo "1551"]
[BlackElo "1077"]
[PlyCount "31"]
[EventDate "2017.03.14"]
[EventType "swiss"]
[EventRounds "8"]
[EventCountry "USA"]
[SourceTitle "EXT 2023"]
[Source "ChessBase"]
[SourceDate "2022.10.05"]
[SourceVersion "1"]
[SourceVersionDate "2022.10.05"]
[SourceQuality "1"]

1. d4 d5 2. c4 dxc4 3. Nf3 Nc6 4. Nc3 Bf5 5. e4 Bg6 6. Bxc4 Nf6 7. e5 Ne4 8. Nxe4 Bxe4 9. 0-0 Bxf3 10. Qxf3 Nxd4 11. Qxf7+ Kd7 12. Rd1 Kc8 13. Be3 c5 14. Bxd4 cxd4 15. Rac1 Kd7 16. Rxd4+ 1-0